Cycle 5 (Stabat Mater) / (Full Sub Ac3 Dts) [videorecording].

Bibliographic Details
Format: Book
Language:English
Published: [Place of publication not identified] : Arthaus Musik. [date of publication not identified]
Edition:DVD.

MARC

Tag First Indicator Second Indicator Subfields
LEADER 00000cam a22000005i 4500
001 in00002427721
005 20151109141634.0
008 081014 2008 xxu eng
040 |d UtOrBLW 
245 0 0 |a Cycle 5 (Stabat Mater) / (Full Sub Ac3 Dts) [videorecording]. 
250 |a DVD. 
264 1 |a [Place of publication not identified] :  |b Arthaus Musik.  |c [date of publication not identified] 
336 |a text  |b txt  |2 rdacontent 
337 |a unmediated  |b n  |2 rdamedia 
338 |a volume  |b nc  |2 rdacarrier 
500 |a Dvorak / Urbanova / Prague Sym Orch / Pasek 
999 |a MARS 
999 f f |s 4febc8bf-bca3-3c04-9e03-cb44929d0639  |i 08233c87-987f-3be2-a3aa-cd8e8fc48454  |t 0 
952 f f |a Texas A&M University  |b College Station  |c Sterling C. Evans Library  |d Evans: Media and Reserves (Annex 1st floor)  |t 0  |h No information provided 
998 f f |t 0  |l Evans: Media and Reserves (Annex 1st floor)